000 00437nam a2200181Ia 4500
001 14401
005 20260306164911.0
008 260306t1999||||xx |||||||||||||| ||spa||
041 _aESP
082 _a512.7
_bF41
100 _aFernández, J. Claudio
_eAUT
245 0 _aEcuaciones Diferenciales:
_bOrdinarias
260 _c1999
300 _a182 páginas :
_c25 cm.
650 _aGEN
654 _aCMA
942 _cLIB
_dJUS
_fJUS
_2ddc
_n
999 _c14401
_d14401